| 000 | 01328nam a2200277Ia 4500 | ||
|---|---|---|---|
| 999 |
_c51327 _d51327 |
||
| 001 | 18296 | ||
| 003 | GE_BSU | ||
| 005 | 20221130153859.0 | ||
| 008 | 181216s2015||||ge |||||||||||||| ||geo|| | ||
| 020 | _a9789941078811x | ||
| 040 | _cGE_BSU | ||
| 041 | _ageo | ||
| 080 | _a159.922.1 ა-28 | ||
| 100 |
_aადლერი, ალფრედ _916213 |
||
| 245 |
_aსქესთა შორის ურთიერთობები / _cალფრედ ადლერი ; მთარგმნელები: ნინა და მარინა თურმანიძეები ; რედაქტორი თამაზ თურმანიძე. |
||
| 264 |
_aთბილისი : _bპეგა, _c2015. |
||
| 300 |
_a193 გვ. ; _b20 სმ. |
||
| 541 | _h7ლ.20თ. | ||
| 653 | _aსქესის ფსიქოლოგია | ||
| 653 | _aსქესობრივი ცხოვრების ჰიგიენა | ||
| 653 | _aფსიქოლოგია | ||
| 700 |
_aთურმანიძე, მარინა _eმთარგმნელი _911864 |
||
| 700 |
_aთურმანიძე, ნინა _eმთარგმნელი _916256 |
||
| 700 |
_aთურმანიძე, თამაზ _eრედაქტორი _911865 |
||
| 942 |
_cBK _2udc |
||